00367nam a22001097a 4500008004100000040005500041080002600096245004300122260006500165300001100230650001600241230405b |||||||| |||| 00| 0 eng d aNational Science LibrarycNational Science Library a061.1.045:65(047)bL2 aReport of the Committee on automation  aIndian: bGOI, Ministry of Labour and Rehabilitation, c1972 a163p.  aAutomation